Napirenden: kulturális sokféleség
Elmentve itt :
| Szerző: | |
|---|---|
| Adatforrás: | Meister |
| Forrásdokumentuma: | A Hét. - 50 sz., 1996, 3 p. |
| Nyelv: | magyar |
| Kulcsszavak: | művelődésszociológia tudományos intézmények multikulturalizmus tolerancia kisebbségi kérdés kanadaiak Kanada Magyar Tudományos Akadémia (MTA) The Royal Society of Canada |
| LEADER | 00612nab a2200217 i 4500 | ||
|---|---|---|---|
| 001 | bibPRO00006180 | ||
| 008 | 060524s1996 xx hun | ||
| 040 | |a Sz1 | ||
| 041 | |a hun | ||
| 100 | 1 | |a GÁLL Ernő | |
| 245 | 1 | 0 | |a Napirenden: kulturális sokféleség |c GÁLL Ernő |
| 695 | |a művelődésszociológia | ||
| 695 | |a tudományos intézmények | ||
| 695 | |a multikulturalizmus | ||
| 695 | |a tolerancia | ||
| 695 | |a kisebbségi kérdés | ||
| 695 | |a kanadaiak | ||
| 695 | |a Kanada | ||
| 695 | |a Magyar Tudományos Akadémia (MTA) | ||
| 695 | |a The Royal Society of Canada | ||
| 773 | 0 | |t A Hét. - |g 50 sz., 1996, 3 p. | |